00656nam a22001937a 450000500170000001000150001702000260003203500140005803700090007208200090008110000240009024500320011426000340014627000700018030000210025094200200027199900190029195201520031020250704145822.0 aENG-145693 a9789392210662c649.00 aEN-129225 bDBAD aN21 aTolstoy, Leo982607 aAnna Karenina/cLeo Tolstoy aChandigarhbThe Browserc2025 bChandigarhaSCO 14-15, Sector 8-Ce160009mservice@thebrowser.org a1012p.c20cm(pb) 2ddccENhNmTOL c212103d212103 001040708NFICaZLSbZLSd2025-07-04eDelivery of Books Act Divisiong649.00l0oN TOLpEN-129225r2025-07-04 00:00:00t1v649.00w2025-07-04yEN